000 00986nam a22003137a 4500
003 CHAP
005 20220329135040.0
008 971013s1976 r 00010 d
010 _a30110
011 _a31082
035 _a35194
040 _cCHAP
082 _a551.4
_bL55
100 0 0 _aLintz, Joseph, Jr.
_967010
245 _aRemote sensing of environment
260 _aReading, Mass. :
_bAddison-Wesley,
_c1976
300 _a694 p.
_b: ilus.
590 _aBATCH-UPD
_b10
_c20130110
_lUCH01
_h1654
590 _aBATCH-UPD
_b10
_c20130410
_lUCH01
_h1042
590 _aBATCH-UPD
_b10
_c20130914
_lUCH01
_h1432
590 _aCONVERSION
_b10
_c20130109
_lUCH01
_h1317
650 1 4 _aFotografía aérea.
_942714
650 1 4 _aSensores remotos.
_9104427
700 0 _aSimmonett, David S.
_9106162
901 _aBK
942 _cLIBRO
949 _a551.4 L55
_bBC
_cLIBRO
_d33724000414579
_eLIBRO
_fc.2
_h56951
_i35194
_si
949 _a551.4 L55
_bBC
_cLIBRO
_d33724000414587
_eLIBRO
_h56950
_i35194
_si
999 _c30110
_d30110